000 00661nam a22002297a 4500
001 29852
003 BD-RjUL
005 20211209051454.0
008 140407s1955 nyu 001 0 eng d
035 _a(BD-RjUL)29937
040 _aBD-RjUL
_beng
_cBD-RjUL
041 _aeng
082 _a612.65
_bILC 1955
100 1 _aILG, Frances L.
_990838
245 _aChild behavior /
_cby Frances L Ilg; Louise Bates Ames.
260 _aNew York :
_bHarper,
_cc1955.
300 _aix, 364 p. ;
_c22 cm.
504 _aIncludes bibliographical references and index.
650 0 _aChild development.
_990839
700 1 _aAmes, Louise Bates.
_944166
942 _2ddc
_cBK
999 _c29852
_d29852